| 000 | 00504nam a22001217a 4500 | ||
|---|---|---|---|
| 008 | 230605b xxu||||| |||| 00| 0 eng d | ||
| 082 |
_a328.307 _bCPST |
||
| 110 | _bCentre for Parliamentary Studies and Training | ||
| 245 |
_aInformation, Communication and Public Paticipation and Outreach for the Legislature _bA Manual of the Centre for Parliamentary Studies and Training |
||
| 260 |
_aNairobi, Kenya _bThe Centre for Parliamentary Studies and Training _cJanuary,2015 |
||
| 300 | _aXII,202p | ||
| 942 |
_2ddc _cBK |
||
| 999 |
_c275 _d275 |
||